000 00581nam a2200241 a 4500
001 nice12345678
003 IN_TiNIC
005 20260116012952.0
008 050524s1981 rama grp 000 0 urd
020 _a
_c5
082 0 0 _a297.122
_bMOH1
100 _aMohammad, Maulavi
245 _aAnwar-Ul-Qur`an
260 _aRampur
_bSharafat Printing Press
_c1981
300 _a176p.
500 _aincludes index and biblioraphy
505 2 _aManuscript.
650 _aQuran-Appreciation
700 1 _aMohammad, Maulavi
902 _bSRS
942 _cBK
999 _c9101
_d9101